000
00222nam a2200097Ia 4500
005
20251222175817.0
008
251222s9999||||xx |||||||||||||| ||spa||
082
_a
DVD0120/L83/1967
245
0
_a
Camelot:Camelot
942
_c
DVD
999
_c
40350
_d
40350